Gimme a 'D' Quiz Stats

 Plays Quiz Updated Jul 24, 2014

Support Sporcle.
Go Orange.
Score 0/40 Timer 08:00
0 Plays Today
% Correct
Donatello
77%
2 Turtledoves
76.8%
A Partridge in a Pear Tree
74.3%
5 Golden Rings
73.8%
India
71%
The Da Vinci Code
68.8%
Leonardo
63.2%
8 Maids a Milking
61.6%
10 Lords a Leaping
60.2%
Digestive
60%
4 Calling Birds
59.8%
Indonesia
59%
Angels & Demons
56.8%
Dining Room
56.1%
Thailand
55.2%
9 Ladies Dancing
54.3%
Cambodia
53.7%
12 Drummers Drumming
53.4%
Cinderella
51.3%
Dumbo
49.5%
% Correct
Saudi Arabia
49.1%
Bangladesh
46%
Jordan
43.4%
Aladdin
42.5%
Endocrine
39.2%
United Arab Emirates
38.1%
Rudy
38%
Study
35.3%
Billiard Room
31.6%
Denise
29%
Maldives
28.2%
Aphrodite
25.8%
Poseidon
24.8%
Demeter
23.7%
Reproductive
23.1%
Tangled
21.9%
Sondra
16.8%
Digital Fortress
12.5%
Deception Point
11.3%
Dinosaur
6.2%

You're not logged in!

Compare scores with friends on all Sporcle quizzes.
OR
Log In

From the Vault

NBA One Team Players

by yggdrasil

These guys liked to have a little stability in their lives.
Remove Ads.
Support Sporcle.
Get the best of Sporcle when you Go Orange. This ad-free experience offers more features, more stats, and more fun while also helping to support Sporcle. Thank you for becoming a member.

Show Comments

Extras

Top Quizzes Today


Score Distribution

Your Account Isn't Verified!

In order to create a playlist on Sporcle, you need to verify the email address you used during registration. Go to your Sporcle Settings to finish the process.

Report this User

Report this user for behavior that violates our Community Guidelines.

Details: